Follow That Line: Skyrim Quotes Quiz Stats

 Plays Quiz Updated Mar 14, 2013

Challenge
Share
Tweet
Embed
Score 0/27 Timer 07:00
13 Plays Today
% Correct
... then I took an arrow to the knee
93.2%
... me, I call them treasures
91.9%
Dah!
91.3%
They’ve got curved swords. Curved. Swords.
90.6%
Guard duty.
90.6%
... you fall down and bleed to death!
89.9%
...somebody stole your sweet roll
89.3%
... rug, cat
88.8%
... or to overcome your evil nature through great effort?
88.5%
... with a belly full of mead.
88.4%
Let's get some mead!
88.3%
... bad feeling about this
88.2%
... to carry your burdens
88.1%
Find an axe and bring me all the wood you can chop
87.7%
% Correct
...in these parts for years.
86.2%
...for the sins of the unworthy must be baptized in blood and fear.
86.1%
... and I just don't know it yet
86.1%
Well, not her. Her corpse. She's quite dead.
85.8%
Match it, if you are Dovahkiin!
84.6%
... so I can stab you in the back.
84.1%
We’ll speak another time.
83.9%
... and you use them both for your weapon. I can respect that
83.5%
Wait, I know! A death threat written on the back of an Argonian concubine? Those are my favorite
83.4%
... lollygaggin’.
82.2%
... with you around!
81.4%
I know who you are, Hail Sithis
80.4%
...Then call me Sheogorath, Daedric Prince of Madness. Charmed.
80%

You're not logged in!

Compare scores with friends on all Sporcle quizzes.
Join for Free
OR
Log In

You Might Also Like...

Show Comments

Extras

Top Quizzes Today


Score Distribution

Your Account Isn't Verified!

In order to create a playlist on Sporcle, you need to verify the email address you used during registration. Go to your Sporcle Settings to finish the process.

Report this User

Report this user for behavior that violates our Community Guidelines.

Details: